[Event "Timbo op 2nd"]
[Site "Timbo"]
[Date "2022.02.17"]
[Round "1"]
[White "Tribess, Luana Eduarda"]
[Black "Umetsubo, Cesar Hidemitsu"]
[Result "0-1"]
[WhiteElo "1441"]
[BlackElo "2402"]
[PlyCount "102"]
[EventDate "2022.02.17"]
[EventType "swiss"]
[EventRounds "7"]
[EventCountry "BRA"]
[SourceTitle "EXT 2023"]
[Source "ChessBase"]
[SourceDate "2022.10.05"]
[SourceVersion "1"]
[SourceVersionDate "2022.10.05"]
[SourceQuality "1"]

1. e4 c5 2. Nf3 e6 3. d4 cxd4 4. Nxd4 Nf6 5. Nc3 d6 6. Be2 Be7 7. 0-0 0-0 8. Be3 a6 9. f4 Qc7 10. Qe1 Nc6 11. Qg3 Kh8 12. a3 Bd7 13. Nf3 Rac8 14. Rad1 Na5 15. e5 Ne8 16. Bd4 d5 17. Qf2 Nc4 18. Bxc4 Qxc4 19. Nd2 Qc6 20. Nb3 b5 21. Na5 Qc7 22. Bb6 Qb8 23. Ba7 Qa8 24. Bd4 b4 25. axb4 Bxb4 26. Nb3 Qc6 27. Na2 Be7 28. Nc3 f6 29. Qe3 Kg8 30. Kh1 Qc4 31. Na5 Qb4 32. Nb3 a5 33. Na2 Qc4 34. Qc3 a4 35. Qxc4 Rxc4 36. Na1 fxe5 37. Bxe5 Nf6 38. c3 Ng4 39. Bd4 Rb8 40. Rb1 Be8 41. b3 Bg6 42. bxc4 Rxb1 43. Rxb1 Bxb1 44. Nb4 dxc4 45. Nac2 Bxb4 46. Nxb4 a3 47. Kg1 a2 48. Nxa2 Bxa2 49. h3 Nf6 50. Kf1 Nd5 51. Ke2 Nxf4+ 0-1